[Event "Let's Play Chess!"]
[Site "http://www.queenalice.com/game.php?id=526776"]
[Date "2009.1.21"]
[Round "-"]
[White "caiman72"]
[Black "nonpop"]
[Result "1-0"]
[WhiteElo "1883"]
[BlackElo "1311"]

1. d4 d5 2. c4 e6 3. Nc3 Nf6 4. cxd5 exd5 5. Bg5 Be7 6. e3 O-O 7. Bd3 Nbd7 8.
Nf3 c6 9. O-O Re8 10. Qc2 g6 11. h3 Nb6 12. b3 Nh5 13. Bxe7 Rxe7 14. b4 Nc4 15.
Bxc4 dxc4 16. a4 Qc7 17. b5 Nf6 18. e4 c5 19. e5 Nh5 20. Nd5 Qd7 21. Nxe7+ Qxe7
22. Qxc4 b6 23. dxc5 bxc5 24. Rfc1 Bb7 25. Qxc5 Qd7 26. Rd1 Qf5 27. Nh4 Qf4 28.
Qe7 Qe4 29. Re1 Qd5 30. Rad1 Qe6 31. Qxb7 1-0

[Event "Let's Play Chess!"]
[Site "http://www.queenalice.com/game.php?id=527294"]
[Date "2009.1.22"]
[Round "-"]
[White "anetta007"]
[Black "caiman72"]
[Result "1/2-1/2"]
[WhiteElo "1799"]
[BlackElo "1982"]

1. e4 e6 2. Nf3 d5 3. exd5 exd5 4. Nc3 Nf6 5. d4 Be7 6. Be3 Nc6 7. Bd3 Bd7 8.
O-O Nb4 9. Be2 Bf5 10. Ne1 Qd7 11. a3 Nc6 12. Bg5 Ne4 13. Bxe7 Nxe7 14. f3 Nxc3
15. bxc3 O-O 16. Qb1 b6 17. Bb5 c6 18. Bd3 c5 19. Bxf5 Nxf5 20. dxc5 bxc5 21.
Nd3 c4 22. Ne5 Qc7 23. f4 f6 24. Ng4 h5 25. Nf2 Ne3 1/2-1/2

[Event "Let's Play Chess!"]
[Site "http://www.queenalice.com/game.php?id=527298"]
[Date "2009.1.22"]
[Round "-"]
[White "MarcosT"]
[Black "caiman72"]
[Result "1-0"]
[WhiteElo "1788"]
[BlackElo "1993"]

1. e4 e6 2. d4 d5 3. e5 c5 4. c3 cxd4 5. cxd4 Nc6 6. Bd2 Nxd4 7. Bc3 Nc6 8. Nf3
h6 9. Bb5 Bd7 10. O-O Nxe5 11. Bxd7+ Nxd7 12. Re1 Ne7 13. a3 a6 14. Ne5 Nxe5 15.
Bxe5 Nc6 16. Bg3 Bd6 17. Bxd6 Qxd6 18. Nc3 O-O 19. Ne4 1-0

[Event "Let's Play Chess!"]
[Site "http://www.queenalice.com/game.php?id=527299"]
[Date "2009.1.22"]
[Round "-"]
[White "caiman72"]
[Black "MarcosT"]
[Result "0-1"]
[WhiteElo "2019"]
[BlackElo "1762"]

1. d4 d5 2. c4 e6 3. Nc3 Nf6 4. cxd5 exd5 5. Bg5 Be7 6. e3 Nbd7 7. Bd3 h6 8. Bh4
O-O 9. Nf3 Re8 10. O-O Ne4 11. Bxe7 Qxe7 12. Nxd5 Qd6 13. Qb3 c6 14. Bxe4 Rxe4
15. Nf4 Nf6 16. Ne5 Be6 17. Nxe6 fxe6 18. Qxb7 Rb8 19. Qf7+ Kh7 20. Rac1 Rxb2
0-1

[Event "Let's Play Chess!"]
[Site "http://www.queenalice.com/game.php?id=527302"]
[Date "2009.1.22"]
[Round "-"]
[White "caiman72"]
[Black "blunder"]
[Result "1-0"]
[WhiteElo "1948"]
[BlackElo "1723"]

1. d4 Nf6 2. c4 g6 3. Nc3 d5 4. cxd5 Nxd5 5. e4 Nxc3 6. bxc3 Bg7 7. Nf3 c5 8.
Rb1 O-O 9. Be2 cxd4 10. cxd4 Nc6 11. d5 1-0

[Event "Let's Play Chess!"]
[Site "http://www.queenalice.com/game.php?id=527303"]
[Date "2009.1.22"]
[Round "-"]
[White "SRIVERO"]
[Black "caiman72"]
[Result "0-1"]
[WhiteElo "1729"]
[BlackElo "1873"]

1. d4 Nf6 2. c4 e6 3. Nc3 Bb4 4. Qc2 c5 5. Nf3 cxd4 6. Nxd4 e5 7. Nf3 d6 8. Bg5
Nbd7 9. e3 O-O 10. Bd3 Bxc3+ 11. Qxc3 h6 12. Bxf6 Nxf6 13. Rc1 e4 14. Bxe4 Nxe4
15. Qd4 Bf5 16. g4 Qa5+ 17. Kf1 Bxg4 18. Qxe4 f5 19. Qf4 Qxa2 20. Nh4 Qxb2 21.
Kg2 g5 22. Rb1 Qxb1 23. Rxb1 gxf4 24. exf4 Be2 25. Rxb7 Bxc4 26. Ng6 Bd5+ 27. f3
Bxb7 28. Ne7+ Kf7 29. Nxf5 Ke6 30. Ng7+ Kd7 31. f5 Rg8 32. f6 Raf8 0-1

[Event "Let's Play Chess!"]
[Site "http://www.queenalice.com/game.php?id=527305"]
[Date "2009.1.22"]
[Round "-"]
[White "SRIVERO"]
[Black "caiman72"]
[Result "0-1"]
[WhiteElo "1743"]
[BlackElo "1783"]

1. d4 Nf6 2. c4 e6 3. Nc3 Bb4 4. Qc2 O-O 5. e4 c5 6. Be3 cxd4 7. Bxd4 Nc6 8.
Bxf6 Qxf6 9. Nf3 d5 10. Bd3 d4 11. a3 dxc3 12. axb4 Nxb4 13. Qb3 Nxd3+ 14. Kf1
cxb2 15. Rb1 Rd8 16. e5 Qf4 17. Rd1 Bd7 18. Qxd3 Be8 19. Qe2 Rxd1+ 20. Qxd1
Qxc4+ 21. Ke1 Rd8 22. Qb1 Qc1+ 0-1

[Event "Challenge"]
[Site "http://www.queenalice.com/game.php?id=527914"]
[Date "2009.1.23"]
[Round "-"]
[White "SRIVERO"]
[Black "caiman72"]
[Result "0-1"]
[WhiteElo "1710"]
[BlackElo "1955"]

1. d4 d5 2. c4 c6 3. a4 e6 4. Bd2 Nf6 5. Nf3 Nbd7 6. e3 Ne4 7. Bd3 Be7 8. Nc3
Ndf6 9. Qc2 Nxd2 10. Nxd2 Bb4 11. Qb3 a5 12. f3 dxc4 13. Qxc4 O-O 14. O-O-O Nd5
15. Nxd5 exd5 16. Qc2 h6 17. e4 Qg5 18. g3 Bh3 19. f4 Qh5 20. Bf1 Bg4 21. Re1 c5
22. dxc5 dxe4 23. Rxe4 Rad8 24. Bd3 Qd5 25. Re3 Qxh1+ 26. Nf1 Bh3 27. Qe2 Bxf1
28. Qxf1 Qxf1+ 29. Bxf1 Bxc5 30. Rb3 Bb4 31. Bb5 Rd2 32. Rd3 Rxh2 0-1

[Event "Challenge"]
[Site "http://www.queenalice.com/game.php?id=527915"]
[Date "2009.1.23"]
[Round "-"]
[White "caiman72"]
[Black "SRIVERO"]
[Result "1-0"]
[WhiteElo "1900"]
[BlackElo "1719"]

1. d4 Nf6 2. c4 d6 3. Nc3 Bg4 4. f3 Bh5 5. e4 e6 6. Bd3 c5 7. d5 Be7 8. Nge2 Qa5
9. O-O a6 10. Qa4+ Qxa4 11. Nxa4 Nbd7 12. Ng3 Ne5 13. Be2 Ng6 14. Nxh5 Nxh5 15.
dxe6 fxe6 16. f4 Nf6 17. Nc3 O-O 18. f5 exf5 19. exf5 Ne5 20. Bf4 Rad8 21. Rad1
g6 22. Bxe5 dxe5 23. Rxd8 Rxd8 24. fxg6 hxg6 25. Bf3 Rd2 26. Bd5+ Nxd5 27. Nxd5
Bd8 28. Rf2 Rxf2 29. Kxf2 Kf7 30. Kf3 Ke6 31. Ke4 b5 32. cxb5 axb5 33. b3 g5 34.
g4 Ba5 35. h3 Bd2 36. Nc7+ Kd7 37. Nxb5 Bf4 38. Nc3 Kc6 39. Nd5 1-0

[Event "Let's Play Chess!"]
[Site "http://www.queenalice.com/game.php?id=529430"]
[Date "2009.1.25"]
[Round "-"]
[White "caiman72"]
[Black "Maffu"]
[Result "1-0"]
[WhiteElo "1949"]
[BlackElo "1765"]

1. d4 Nf6 2. c4 g6 3. Nc3 Bg7 4. e4 d6 5. Nf3 O-O 6. Be2 e5 7. O-O Nc6 8. d5 Ne7
9. a4 Nh5 10. Be3 f5 11. exf5 Bxf5 12. Qd2 Nf4 13. Bxf4 exf4 14. Qxf4 c5 15.
Rfe1 h6 16. Qd2 g5 17. h4 g4 18. Nh2 h5 19. Qg5 Qe8 20. Bxg4 hxg4 21. Rxe7 Qxe7
22. Qxe7 b6 23. Qxd6 Rad8 24. Qg3 Rfe8 25. Nxg4 Bg6 26. h5 Bf5 27. Nh6+ 1-0

[Event "Let's Play Chess!"]
[Site "http://www.queenalice.com/game.php?id=529449"]
[Date "2009.1.26"]
[Round "-"]
[White "Maffu"]
[Black "caiman72"]
[Result "1/2-1/2"]
[WhiteElo "1749"]
[BlackElo "2006"]

1. e4 c5 2. b3 Nc6 3. Bb2 e5 4. Bb5 Nf6 5. d3 Nd4 6. Bc4 b5 7. Bd5 Nxd5 8. exd5
Qg5 9. g3 Bb7 10. c4 Be7 11. Nd2 bxc4 12. dxc4 Qg6 13. Ne2 Nc2+ 14. Kf1 Nxa1 15.
Qxa1 d6 16. Kg2 O-O 17. Rf1 f5 18. f4 e4 19. Ng1 h5 20. Nh3 a5 1/2-1/2

[Event "Let's Play Chess!"]
[Site "http://www.queenalice.com/game.php?id=529451"]
[Date "2009.1.26"]
[Round "-"]
[White "flogisto"]
[Black "caiman72"]
[Result "1-0"]
[WhiteElo "1596"]
[BlackElo "1907"]

1. e4 e6 2. d4 d5 3. e5 c5 4. dxc5 Bxc5 5. g3 Ne7 6. Bb5+ Nbc6 7. Nc3 O-O 8. Nf3
d4 9. Bg5 dxc3 10. Qxd8 Rxd8 11. bxc3 h6 12. Bxe7 Nxe7 13. O-O b6 14. Be2 Bb7
15. Rad1 Nd5 16. c4 1-0

[Event "Let's Play Chess!"]
[Site "http://www.queenalice.com/game.php?id=529452"]
[Date "2009.1.25"]
[Round "-"]
[White "Fubangas"]
[Black "caiman72"]
[Result "1-0"]
[WhiteElo "2025"]
[BlackElo "1853"]

1. e4 c5 2. Nf3 Nc6 3. d4 cxd4 4. Nxd4 d6 5. Bb5 Bd7 6. O-O g6 7. Bg5 Bg7 8.
Nxc6 bxc6 9. Bc4 Bxb2 10. Nd2 Bxa1 11. Qxa1 f6 12. Nb3 e5 13. Bh4 g5 14. Bg3 h5
15. h3 h4 16. Bh2 g4 17. Rd1 Qc7 18. hxg4 Bxg4 19. f3 Bc8 20. Qc3 a5 21. Qd3 a4
22. Nc1 Rb8 23. Ne2 Rb2 24. Qxd6 1-0

[Event "Let's Play Chess!"]
[Site "http://www.queenalice.com/game.php?id=529453"]
[Date "2009.1.25"]
[Round "-"]
[White "traub"]
[Black "caiman72"]
[Result "1-0"]
[WhiteElo "1881"]
[BlackElo "1925"]

1. e4 e6 2. d4 d5 3. Nc3 Bb4 4. e5 c5 5. a3 Bxc3+ 6. bxc3 Ne7 7. Qg4 Ng6 8. Nf3
Nc6 9. Bd3 Qb6 10. Bxg6 hxg6 11. h4 Qb5 12. a4 Qc4 13. Bd2 1-0

[Event "Let's Play Chess!"]
[Site "http://www.queenalice.com/game.php?id=529456"]
[Date "2009.1.26"]
[Round "-"]
[White "filomenos"]
[Black "caiman72"]
[Result "1-0"]
[WhiteElo "1962"]
[BlackElo "1969"]

1. d4 Nf6 2. Nf3 e6 3. g3 d5 4. Bg2 Bd6 5. O-O O-O 6. Nc3 Nc6 7. Re1 Ne4 8. Nxe4
dxe4 9. Nd2 f5 10. f3 e5 11. dxe5 Bc5+ 12. Kh1 Nxe5 13. Nb3 Bb6 14. c3 exf3 15.
Bxf3 Qxd1 16. Rxd1 Nxf3 17. exf3 Be6 18. Nd2 1-0

[Event "Let's Play Chess!"]
[Site "http://www.queenalice.com/game.php?id=529457"]
[Date "2009.1.25"]
[Round "-"]
[White "Possible43"]
[Black "caiman72"]
[Result "0-1"]
[WhiteElo "1909"]
[BlackElo "1975"]

1. e4 e6 2. d3 d5 3. Nd2 c5 4. g3 Nc6 5. Bg2 Bd6 6. Ne2 Nf6 7. f4 Ng4 8. Nf3 O-O
9. e5 Bc7 10. O-O f6 11. h3 Nh6 12. exf6 Qxf6 13. g4 Nf7 14. g5 Qe7 15. Bd2 Bd7
16. Ng3 Nh8 17. h4 Ng6 18. Ne2 Nxf4 19. Nxf4 Bxf4 20. Bxf4 Rxf4 21. Qd2 Raf8 22.
Rae1 Qd6 23. Nh2 Rxh4 24. Rxf8+ Qxf8 25. Rf1 Qd6 26. Bh1 Nd4 27. Qf2 Nf5 28. Bf3
Rh3 29. Bg4 Rg3+ 30. Kh1 d4 31. Bxf5 exf5 32. Qd2 Bc6+ 33. Nf3 Rxf3 0-1